Metals Handbook : Volume 2 : Properties and Selection : Nonferrous Alloys and Special-Purpose Materials

Guardado en:
Detalles Bibliográficos
Formato: Libro
Lenguaje:inglés
Publicado: Materials Park ASM [1990]
Edición:10th ed.
Materias:
Etiquetas: Agregar Etiqueta
Sin Etiquetas, Sea el primero en etiquetar este registro!

MARC

LEADER 00000nam a22000003a 4500
001 0005712
003 SK-STU
005 20150626081640.2
007 ta
008 150626s ----xo-----e------000-0-----d
020 |a 0-87170-378-5 
040 |a STU  |b slo 
041 0 |a eng 
044 |a xxu 
080 |a 620 
245 1 0 |a Metals Handbook :  |b Volume 2 : Properties and Selection : Nonferrous Alloys and Special-Purpose Materials 
250 |a 10th ed. 
260 |a Materials Park  |b ASM  |c [1990] 
300 |a 1328 p. 
650 0 7 |a neželezné zliatiny 
996 |b 284M086467  |c M* 13797/2-1  |l MMST  |s A  |a 24  |w 0005712_0001